000 00548cab a2200193 4500
001 X1334
008 090401t1994 xxu||||| |||| 00| 0 eng d
035 _a(Sirsi) u16279
041 _aeng
245 _aFund gets its frst fund-raiser
260 _c1994
350 _a0
490 _aCSM (Chartered Surveyor Monthly)
_v3(6) March 1994, 10(1)
650 _aKEN COWSILL
650 _aABOUT RICS-RELATED ORGANISATIONS-RICS BENEVOLENT FUND
690 _aMANAGEMENT-BUSINESS MANAGEMENT-PROFESSIONAL PRACTICE
942 _n0
948 _c04/03/1997
999 _c10700
_d10700